| 000 | 00421nam a22001457a 4500 | ||
|---|---|---|---|
| 003 | OSt | ||
| 005 | 20251021094637.0 | ||
| 008 | 251021b |||||||| |||| 00| 0 eng d | ||
| 020 | _a9789966256607 | ||
| 040 | _cEAST AFRICAN EDUCATIONAL PUBLISHERS | ||
| 050 | _aPL 6270 .W37 2013 | ||
| 245 |
_aDUNIA TAMBARA MBOVU _cWASILWA, SHISIA |
||
| 260 |
_aNAIROBI, KENYA _bEAST AFRICAN EDUCATIONAL PUBLISHERS _c2013 |
||
| 942 |
_2lcc _cBK _n0 |
||
| 999 |
_c9666 _d9666 |
||